Analyzovanie chýb kvality produktov uplatnením 8D reportu

Saved in:
Bibliographic Details
Main Author: Tomovičová, Barbora (Author)
Other Authors: Mareček-Kolibiský, Martin (Thesis advisor)
Format: Manuscript Book
Language:Slovak
Published: 2023
Subjects:
Online Access:http://is.stuba.sk/zp/portal_zp.pl?podrobnosti=171740
Tags: Add Tag
No Tags, Be the first to tag this record!

MARC

LEADER 00000ntm a22000003a 4500
001 stuzp94731
003 SK-STU
005 20230909223010.5
007 ta
008 150427s2015----xo-----f-mn---000-0-slo-d
040 |a STU  |b slo 
041 0 |a slo 
100 1 |a Tomovičová, Barbora  |u 064000  |4 aut  |U MTF Materiálovotechnologická fakulta  |T MTF Ústav priemyselného inžinierstva a manažmentu  |X 111784  |U M4000  |Y 84  |7 111784 
242 0 1 |a Analysis of product quality errors by applying the 8D report  |y eng 
245 1 0 |a Analyzovanie chýb kvality produktov uplatnením 8D reportu 
260 |c 2023 
650 4 |a Ishikawa diagram  |2 slo 
650 4 |a 5 x Prečo  |2 slo 
650 4 |a 8D správa  |2 slo 
650 4 |a 8D Report  |2 eng 
650 4 |a Fishbone diagram (Ishikawa diagram)  |2 eng 
650 4 |a 5 Why  |2 eng 
700 1 |a Mareček-Kolibiský, Martin  |4 ths  |X 77386  |7 77386 
856 4 |u http://is.stuba.sk/zp/portal_zp.pl?podrobnosti=171740 
996 |c M* BP-9691  |l MMSKP  |s P  |a 0  |w stuzp94731_0001